[Event "Andalucia-ch U12"]
[Site "Huelva"]
[Date "2014.04.26"]
[Round "7.6"]
[White "Garcia Jimenez, Jose Luis"]
[Black "Dominguez Ruiz, Mario"]
[Result "0-1"]
[WhiteElo "1141"]
[BlackElo "1458"]
[PlyCount "32"]
[EventDate "2014.04.25"]
[EventType "swiss"]
[EventRounds "9"]
[EventCountry "ESP"]
[SourceTitle "EXT 2024"]
[Source "ChessBase"]
[SourceDate "2023.10.10"]
[SourceVersion "1"]
[SourceVersionDate "2023.10.10"]
[SourceQuality "1"]

1. e4 e6 2. d3 d5 3. e5 c5 4. Nf3 Nc6 5. Nbd2 Nge7 6. c3 Ng6 7. d4 c4 8. g3 Be7 9. Bg2 Bd7 10. 0-0 0-0 11. Re1 b5 12. b4 a5 13. a3 axb4 14. cxb4 Nxb4 15. Bb2 Nd3 16. Re2 Nxb2 0-1

[Event "Andalucia-ch U12"]
[Site "Huelva"]
[Date "2014.04.25"]
[Round "1.6"]
[White "Castro Marquez, Andrea"]
[Black "Dominguez Ruiz, Mario"]
[Result "0-1"]
[WhiteElo "1124"]
[BlackElo "1458"]
[PlyCount "62"]
[EventDate "2014.04.25"]
[EventType "swiss"]
[EventRounds "9"]
[EventCountry "ESP"]
[SourceTitle "EXT 2024"]
[Source "ChessBase"]
[SourceDate "2023.10.10"]
[SourceVersion "1"]
[SourceVersionDate "2023.10.10"]
[SourceQuality "1"]

1. e4 e6 2. d4 d5 3. e5 c5 4. Bb5+ Nc6 5. Nf3 Bd7 6. Bg5 Qb6 7. Bxc6 bxc6 8. Be3 Qxb2 9. Nbd2 cxd4 10. Bxd4 Qb7 11. c4 Ne7 12. cxd5 cxd5 13. 0-0 Nf5 14. Bc3 Be7 15. a3 0-0 16. Rb1 Qc7 17. Rc1 Qd8 18. a4 a5 19. Nd4 Nxd4 20. Bxd4 Bb4 21. Bc3 Rc8 22. Bxb4 axb4 23. Rxc8 Qxc8 24. a5 Qc7 25. Qa1 Ra8 26. a6 Qb6 27. Qb2 h6 28. h3 Rxa6 29. Rc1 Qb8 30. Nf3 Rc6 31. Rd1 Rc3 0-1

[Event "Andalucia-ch U12"]
[Site "Huelva"]
[Date "2014.04.25"]
[Round "3.5"]
[White "Samodurov, Maxim"]
[Black "Dominguez Ruiz, Mario"]
[Result "1-0"]
[WhiteElo "1329"]
[BlackElo "1458"]
[PlyCount "55"]
[EventDate "2014.04.25"]
[EventType "swiss"]
[EventRounds "9"]
[EventCountry "ESP"]
[SourceTitle "EXT 2024"]
[Source "ChessBase"]
[SourceDate "2023.10.10"]
[SourceVersion "1"]
[SourceVersionDate "2023.10.10"]
[SourceQuality "1"]

1. e4 e6 2. d4 d5 3. Nc3 Bb4 4. e5 c5 5. Nf3 Bxc3+ 6. bxc3 c4 7. Ba3 Nc6 8. g3 Nge7 9. Bg2 Nf5 10. 0-0 b6 11. Bh3 g6 12. Bxf5 gxf5 13. h4 Bb7 14. Ng5 h6 15. Qh5 Qd7 16. Bd6 Ba6 17. Rfe1 Na5 18. Rab1 Nb7 19. Bb4 Bb5 20. Re3 Nd8 21. Rf3 Ba4 22. Rb2 Bc6 23. g4 fxg4 24. Rf6 Qb7 25. Nxe6 Rg8 26. Bd6 Rc8 27. Rxh6 Qd7 28. Ng7+ 1-0